| 000 | 00611nam a22001695i 4500 | ||
|---|---|---|---|
| 001 | 163395 | ||
| 003 | ES-MaACL | ||
| 005 | 20230906212731.0 | ||
| 008 | 050728s1897 fr | |||||||| ||fre d | ||
| 040 |
_aCAM _bspa _cCAM |
||
| 100 | 1 |
_aRevillout, Eugéne. _996448 |
|
| 245 | 1 | 3 |
_aLa créance et le droit commercial dans l'antiquité / _cE. Revillout. |
| 260 |
_aLe Puy-en Velay : _b[s.n.], _c1897 ( _fImprimerie R. Marchessou) |
||
| 300 |
_aV, 336 p. ; _c26 cm. |
||
| 752 |
_aFrancia - _dLe Puy en Velay |
||
| 852 |
_aES-MaACL _jB-4347 _z-- Rúst., deteriorada _q-- Falto de las pag. de prelim. y hasta la p. 42 |
||
| 999 |
_c163395 _d163395 |
||